| 000 | 00549nam a22001817a 4500 | ||
|---|---|---|---|
| 005 | 20231110080815.0 | ||
| 008 | 231110b |||||||| |||| 00| 0 eng d | ||
| 020 | _a9780409128994 ; 9780409129007 | ||
| 041 | _aEnglish | ||
| 082 | _a346.1 HEA | ||
| 100 |
_aHeaton, J _lEnglish |
||
| 245 |
_aThe South African Law of Persons / _cJ Heaton |
||
| 250 | _aFifth Edition | ||
| 260 |
_aDurban : _bLexisNexis (Pty) Ltd, _c2017 |
||
| 300 |
_bx, 175 pages ; _c25 cm. |
||
| 650 |
_aLegal practice _bLaw |
||
| 942 |
_cBK _6ALISON_BN_VRIES |
||
| 999 |
_c515 _d515 |
||